| 000 | 00466cam a2200157ua 4500 | ||
|---|---|---|---|
| 041 |
_aeng _h |
||
| 082 |
_a425 _bSON/NE |
||
| 100 | _aSonnenschein, E A . | ||
| 245 |
_aNew English grammar based on the recommendations of the joint committee on grammatical terminology / _cE A Sonnenschein. _hTextual Documents |
||
| 250 |
_a1 / _b. |
||
| 260 |
_aLondon : _bOxford University Press , _c1962. |
||
| 300 | _a87 ; . | ||
| 504 | _a | ||
| 942 | _cBK | ||
| 999 |
_c8644 _d8644 |
||